Name a 40 Home Run Hitter for Each MLB Team - Statistics

General Stats
  • This quiz has been taken 7,740 times
  • The average score is 20 of 30
Answer Stats
Team Players % Correct
Angels Troy Glaus | Shohei Ohtani | Mike Trout | Albert Pujols
95%
Braves Matt Olson | Andruw Jones | Hank Aaron | Eddie Matthews | Chipper Jones | Andres Galarraga | Dale Murphy | Davey Johnson | Javy Lopez | Ronald Acuña Jr. | Jeff Burroughs | Darrell Evans | David Justice | Marcell Ozuna
90%
Giants Barry Bonds | Willie Mays | Johnny Mize | Kevin Mitchell | Orlando Cepeda | Willie McCovey | Matt Williams | Mel Ott
85%
Yankees Aaron Judge | Roger Maris | Babe Ruth | Mickey Mantle | Alex Rodriguez | Lou Gehrig | Joe DiMaggio | Tino Martinez | Curtis Granderson | Jason Giambi | Reggie Jackson | Juan Soto
83%
Cardinals Mark McGwire | Albert Pujols | Johnny Mize | Jim Edmonds | Rogers Hornsby
83%
Mariners Cal Raleigh | Ken Griffey Jr. | Jay Buhner | Nelson Cruz | Alex Rodriguez
82%
Athletics Jimmie Foxx | Mark McGwire | Khris Davis | Reggie Jackson | Jose Canseco | Jason Giambi | Gus Zernial
81%
Cubs Sammy Sosa | Hack Wilson | Andre Dawson | Dave Kingman | Ernie Banks | Derrek Lee | Billy Williams | Hank Sauer | Ryne Sandberg
80%
Red Sox David Ortiz | Jimmie Foxx | Jim Rice | Manny Ramirez | Mo Vaughn | Carl Yastrzemski | Tony Armas | J. D. Martinez | Ted Williams | Dick Stuart | Rico Petrocelli
79%
Blue Jays José Bautista | Vladimir Guerrero Jr. | George Bell | Jose Canseco | Marcus Semien | Carlos Delgado | Edwin Encarnación | Shawn Green | Tony Batista | Josh Donaldson | Jesse Barfield
79%
Brewers Prince Fielder | Richie Sexson | Gorman Thomas | Christian Yelich | Ryan Braun | Chris Carter | Ben Oglivie
76%
Nationals / Expos Alfonso Soriano | Vladimir Guerrero | Bryce Harper
73%
Phillies Ryan Howard | Mike Schmidt | Jim Thome | Kyle Schwarber | Chuck Klein | Cy Williams | Dick Allen
73%
Astros Jeff Bagwell | Lance Berkman | Richard Hidalgo | Alex Bregman
72%
Guardians / Indians Jim Thome | Albert Belle | Manny Ramirez | Al Rosen | Rocky Colavito | Travis Hafner | Hal Trosky
68%
Mets Juan Soto | Pete Alonso | Carlos Beltrán | Todd Hundley | Mike Piazza
68%
Tigers Hank Greenberg | Cecil Fielder | Rocky Colavito | Miguel Cabrera | Norm Cash | Darrell Evans
65%
Dodgers Shohei Ohtani | Shawn Green | Adrián Beltré | Cody Bellinger | Gary Sheffield | Duke Snider | Gil Hodges | Roy Campanella | Mike Piazza
64%
Marlins Giancarlo Stanton | Gary Sheffield
64%
Rangers Alex Rodriguez | Frank Howard | Juan Gonzalez | Rafael Palmeiro | Josh Hamilton | Mark Teixeira | Joey Gallo
62%
Orioles Chris Davis | Brady Anderson | Frank Robinson | Mark Trumbo | Jim Gentile | Anthony Santander | Rafael Palmeiro | Nelson Cruz
62%
Rockies Todd Helton | Larry Walker | Andres Galarraga | Vinny Castilla | Nolan Arenado | Dante Bichette | Ellis Burks | Carlos González
61%
Reds George Foster | Ted Kluszewski | Eugenio Suárez | Adam Dunn | Johnny Bench | Greg Vaughn | Ken Griffey Jr. | Tony Perez | Wally Post
58%
Padres Greg Vaughn | Fernando Tatis Jr. | Phil Nevin | Ken Caminiti | Adrián González
58%
White Sox Albert Belle | Jermaine Dye | Frank Thomas | Jim Thome | Adam Dunn | Paul Konerko | Todd Frazier
55%
Diamondbacks Luis Gonzalez | Mark Reynolds
47%
Pirates Ralph Kiner | Willie Stargell
42%
Twins / Senators Harmon Killebrew | Brian Dozier | Roy Sievers | Nelson Cruz
40%
Royals Salvador Perez | Jorge Soler
38%
Rays Junior Caminero | Carlos Pena
22%
No matching quizzes found
Score Distribution
Percent of People with Each Score
Percentile by Number Answered
Your Score History
You have not taken this quiz